[Event "XI Anibal Open"]
[Site "Linares ESP"]
[Date "2005.03.02"]
[Round "7"]
[White "Kaza,P"]
[Black "Fernandes,R"]
[Result "0-1"]
[WhiteElo "2097"]
[BlackElo "2226"]
[EventDate "2005.02.25"]

1. e4 e6 2. d4 d5 3. exd5 exd5 4. c4 Nf6 5. Nc3 Be7 6. Bd3 dxc4 7. Bxc4 O-O
8. Nge2 Nbd7 9. O-O Nb6 10. Bd3 Bg4 11. Re1 c6 12. Qc2 Re8 13. a3 Bd6 14.
h3 Bh5 15. Bg5 Bg6 16. Bxg6 hxg6 17. Rad1 Qc7 18. Bxf6 gxf6 19. Ne4 Kg7 20.
N2c3 Rad8 21. Qb3 Re7 22. Nxd6 Rxe1+ 23. Rxe1 Rxd6 24. Rd1 Qd7 25. Qb4 Nd5
26. Qc4 f5 27. Ne2 b6 28. Qb3 Nc7 29. Qc3 f6 30. Qg3 Ne6 31. Nf4 Nxf4 32.
Qxf4 c5 33. d5 Rxd5 34. Rxd5 Qxd5 35. Qc7+ Qf7 36. Qc6 Qe7 37. Qa8 Qe1+ 38.
Kh2 Qe5+ 39. Kg1 Qxb2 40. Qxa7+ Kh6 41. Qa8 Qa1+ 42. Kh2 Qe5+ 43. Kg1 Qe1+
44. Kh2 Qxf2 45. Qd8 Qf4+ 46. Kg1 Qd4+ 0-1

[Event "XI Anibal Open"]
[Site "Linares ESP"]
[Date "2005.03.02"]
[Round "7"]
[White "Carruana Fuentes,R"]
[Black "Cruz,A BOL"]
[Result "0-1"]
[WhiteElo "2086"]
[BlackElo "2185"]
[EventDate "2005.02.25"]

1. d4 Nf6 2. Nf3 b6 3. g3 Bb7 4. Bg2 c5 5. O-O cxd4 6. Nxd4 Bxg2 7. Kxg2 g6
8. Nd2 Qc8 9. N2f3 Qb7 10. Kg1 Bg7 11. c3 Na6 12. Bg5 Nc5 13. Qc1 h6 14.
Bd2 Nce4 15. Qc2 Rc8 16. Rad1 Nxd2 17. Qxd2 O-O 18. e3 d6 19. Qe2 a6 20.
Nh4 Rc7 21. f3 Nd7 22. e4 b5 23. a3 Nc5 24. h3 Rb8 25. Kh2 a5 26. Rd2 b4
27. axb4 axb4 28. cxb4 Qxb4 29. Nc2 Qxb2 30. Ne3 Qxd2 31. Qxd2 Rb2 32. Rf2
Rxd2 33. Rxd2 Rb7 34. Nd5 Kf8 35. Ng2 Rb3 36. Ra2 Ke8 37. Ra8+ Kd7 38. Ra7+
Nb7 39. f4 Bd4 40. Ra4 Bf2 41. Rb4 Bxg3+ 42. Kg1 Rxb4 43. Nxb4 Nc5 44. Kf1
Nxe4 45. Ke2 f5 46. Kf3 e5 47. fxe5 dxe5 48. Ne3 Kd6 49. Nd3 Bf4 50. Nxf4
Ng5+ 51. Kg3 exf4+ 52. Kxf4 Nxh3+ 53. Kf3 Ke6 0-1

[Event "XI Anibal Open"]
[Site "Linares ESP"]
[Date "2005.03.02"]
[Round "7"]
[White "Kokolias,K"]
[Black "Basas Gamazo,J"]
[Result "1/2-1/2"]
[WhiteElo "2137"]
[BlackElo "2040"]
[EventDate "2005.02.25"]

1. e4 c5 2. Nc3 Nc6 3. g3 g6 4. Bg2 Bg7 5. d3 e6 6. Be3 d6 7. f4 Nge7 8.
Nf3 O-O 9. O-O Rb8 10. d4 cxd4 11. Nxd4 a6 12. Rf2 b5 13. Rd2 Nxd4 14. Bxd4
Bxd4+ 15. Rxd4 Qb6 16. Kh1 Rd8 17. e5 Nf5 18. Rd3 Ne3 19. Rxe3 Qxe3 20. Ne4
d5 21. Nf6+ Kg7 22. Qg4 h6 23. Qh4 Rh8 24. Ng4 Qc5 25. Qf6+ Kg8 26. Qd8+
Kg7 27. Qf6+ Kg8 28. Qd8+ Kg7 29. Qf6+ Kg8 30. Qd8+ 1/2-1/2

[Event "XI Anibal Open"]
[Site "Linares ESP"]
[Date "2005.03.02"]
[Round "7"]
[White "Diaz Luque,F"]
[Black "Canabate Carmona,F"]
[Result "1/2-1/2"]
[WhiteElo "2032"]
[BlackElo "2110"]
[EventDate "2005.02.25"]

1. d4 Nf6 2. f3 d5 3. e4 dxe4 4. Nc3 e3 5. Bxe3 e6 6. Bc4 Nbd7 7. Nge2 Nb6
8. Bb3 Nbd5 9. Nxd5 exd5 10. Qd3 c6 11. Bf4 Be7 12. O-O O-O 13. Rfe1 Be6
14. c3 Qd7 15. Bc2 g6 16. Ng3 Ne8 17. Qe3 Ng7 18. Bg5 Rfe8 19. Bh6 Bd6 20.
Bxg7 Kxg7 21. Qg5 Bxg3 22. Qxg3 a5 23. Qe5+ Kg8 24. Qg5 Qd8 25. Qf4 Bd7 26.
h4 h5 27. g3 Qb8 28. Qg5 Qd6 29. Kg2 Kg7 30. a3 Qf6 31. Qd2 Bf5 32. Bxf5
Qxf5 33. Re2 Rxe2+ 34. Qxe2 Qe6 35. Re1 Qxe2+ 36. Rxe2 Kf8 37. f4 1/2-1/2

[Event "XI Anibal Open"]
[Site "Linares ESP"]
[Date "2005.03.02"]
[Round "7"]
[White "Gerona Maura,J"]
[Black "Ortiz Fernandez Vega,A"]
[Result "0-1"]
[WhiteElo "2045"]
[BlackElo "2138"]
[EventDate "2005.02.25"]

1. e4 c5 2. Nf3 g6 3. d4 cxd4 4. Nxd4 Nf6 5. Nc3 d6 6. Be3 Bg7 7. f3 O-O 8.
Qd2 Nc6 9. Bc4 Nd7 10. h4 Nb6 11. Bb3 Na5 12. h5 Nxb3 13. axb3 d5 14. Bh6
Qd6 15. O-O-O Bxh6 16. Qxh6 gxh5 17. Qxh5 Qg6 18. Nxd5 Nxd5 19. Qxd5 e6 20.
Qh5 Qxh5 21. Rxh5 f6 22. Nb5 b6 23. Nc7 Rb8 24. Rdh1 Rf7 25. Ne8 Bd7 26.
Nd6 Rg7 27. g4 Bc6 28. Rh6 Rd8 29. Nc4 Rf8 30. Rd1 Rd7 31. Rxd7 Bxd7 32.
Kd2 Bc6 33. Ke3 Kg7 34. Rh1 Rd8 35. Ra1 Rd7 36. Re1 Bb5 37. Re2 Rc7 38. Rd2
Bxc4 39. bxc4 Rxc4 40. Rd7+ Kg6 41. Kd3 Ra4 42. Re7 e5 43. b3 Ra1 44. Rc7
h6 45. Rc4 Kg5 46. Ra4 Rxa4 47. bxa4 Kf4 48. c4 Kxf3 49. a5 Kxg4 0-1

[Event "XI Anibal Open"]
[Site "Linares ESP"]
[Date "2005.03.02"]
[Round "7"]
[White "San Martin Ramos,L"]
[Black "Szymanska,M"]
[Result "0-1"]
[WhiteElo "2135"]
[BlackElo "2108"]
[EventDate "2005.02.25"]

1. e4 e6 2. d4 d5 3. Nc3 Bb4 4. Nge2 dxe4 5. a3 Be7 6. Nxe4 Nf6 7. N2g3
Nbd7 8. Bd3 b6 9. Qf3 Rb8 10. Bg5 O-O 11. O-O-O Bb7 12. Qe2 Nxe4 13. Bxe7
Qxe7 14. Nxe4 c5 15. h4 cxd4 16. Qh5 Bxe4 17. Bxe4 f5 18. Bd3 Ne5 19. Rhe1
Nxd3+ 20. Rxd3 Rbd8 21. g4 g6 22. Qh6 fxg4 23. h5 Rf6 24. Qg5 Qf7 25. Kb1
Rd5 26. Qxg4 Rf4 27. Qg3 Rxh5 28. b3 e5 29. Qg2 Rxf2 30. Qa8+ Kg7 31. Qb8
Rff5 32. Qd8 Qf8 33. Qd7+ Rf7 34. Qe6 Re7 35. Qd6 Qf6 36. Qd8 Rf7 37. Qe8
Rf5 38. Kb2 Rc7 39. Re2 Qe7 40. Qb5 e4 41. Qa4 Qe5 42. Rxd4 b5 43. Qb4 Rc4
44. bxc4 Qxd4+ 45. c3 Qxc4 46. Qe7+ Rf7 47. Qe5+ Kg8 48. Rxe4 Rf2+ 49. Kc1
Qb3 50. Qb8+ Rf8 51. Re8 Qxc3+ 52. Kb1 Qb3+ 53. Kc1 Qxa3+ 54. Kb1 Qb3+ 55.
Ka1 Qd1+ 56. Ka2 Qe2+ 0-1

[Event "XI Anibal Open"]
[Site "Linares ESP"]
[Date "2005.03.02"]
[Round "7"]
[White "Gutierrez Leon,C"]
[Black "Sarto Ramos,A"]
[Result "1-0"]
[WhiteElo "1985"]
[BlackElo "2119"]
[EventDate "2005.02.25"]

1. Nf3 g6 2. g3 Bg7 3. Bg2 d6 4. d4 h5 5. h4 c5 6. dxc5 Qa5+ 7. c3 Qxc5 8.
O-O Nc6 9. a4 Nf6 10. Na3 Ng4 11. Nb5 Qb6 12. Nh2 a6 13. Nxg4 axb5 14. Ne3
Qd8 15. Bd2 bxa4 16. Rxa4 Be6 17. Nd5 Rxa4 18. Qxa4 Qa5 19. Nf6+ Kd8 20.
Qxa5+ Nxa5 21. Nd5 Nc4 22. Bc1 Kd7 23. Nf4 b5 24. Rd1 Bg4 25. Kf1 Rc8 26.
Nd5 e6 27. Ne3 Nxe3+ 28. Bxe3 e5 29. Bd5 Be6 30. Bxe6+ Kxe6 31. Ra1 Rc7 32.
Ke1 Bf8 33. Ra8 Be7 34. Rb8 f6 35. Rxb5 g5 36. Rb8 gxh4 37. gxh4 Rc4 38.
Rb4 d5 39. Rxc4 dxc4 40. f3 Kf5 41. Kd1 Bd6 42. Ke1 e4 43. Kf2 Bh2 44. Bd4
exf3 45. Kxf3 Bd6 46. Bf2 Bf4 47. e4+ 1-0

[Event "XI Anibal Open"]
[Site "Linares ESP"]
[Date "2005.03.03"]
[Round "8"]
[White "Cheparinov,I"]
[Black "Burmakin,V"]
[Result "1-0"]
[WhiteElo "2572"]
[BlackElo "2554"]
[EventDate "2005.02.25"]

1. e4 e6 2. d4 d5 3. Nc3 dxe4 4. Nxe4 Bd7 5. Nf3 Bc6 6. Bd3 Nd7 7. O-O Ngf6
8. Ng3 Bxf3 9. Qxf3 c6 10. b3 Be7 11. Bb2 O-O 12. Rad1 Re8 13. a3 Qa5 14.
c4 Qg5 15. Rfe1 Nf8 16. h3 Ng6 17. Ne4 Nxe4 18. Qxe4 Rad8 19. g3 Bf6 20. h4
Qh5 21. b4 Ne7 22. g4 Qxh4 23. Kg2 h5 24. f3 hxg4 25. fxg4 Qg5 26. Bc1 Qg6
27. Qe2 1-0

[Event "XI Anibal Open"]
[Site "Linares ESP"]
[Date "2005.03.03"]
[Round "8"]
[White "Szymanski,M"]
[Black "Fernandez Romero,Ern"]
[Result "1/2-1/2"]
[WhiteElo "2422"]
[BlackElo "2469"]
[EventDate "2005.02.25"]

1. d4 Nf6 2. c4 d6 3. Nf3 g6 4. Nc3 Bf5 5. d5 c5 6. Nd2 e5 7. e4 Bd7 8. Be2
Bg7 9. a3 O-O 10. b4 Na6 11. Rb1 b6 12. O-O Ne8 13. bxc5 Nxc5 14. Nb3 Na4
15. Bd2 f5 16. exf5 gxf5 17. Nc1 Nxc3 18. Bxc3 Nf6 19. Nd3 Ne4 20. Be1 Nc5
21. Nxc5 bxc5 22. Rb7 Bc8 1/2-1/2

[Event "XI Anibal Open"]
[Site "Linares ESP"]
[Date "2005.03.03"]
[Round "8"]
[White "Salgado Lopez,I"]
[Black "Javakhishvili,L"]
[Result "1/2-1/2"]
[WhiteElo "2278"]
[BlackElo "2456"]
[EventDate "2005.02.25"]

1. e4 c5 2. Nf3 Nc6 3. d4 cxd4 4. Nxd4 Qc7 5. Nc3 e6 6. Be3 a6 7. Qd2 Nf6
8. O-O-O Bb4 9. f3 Ne5 10. Nb3 b5 11. Qe1 Rb8 12. Qg3 Nh5 13. Qh4 g6 14. g4
Be7 15. Qf2 Nf6 16. Bd4 Nc6 17. Be3 Ne5 18. g5 Nh5 19. Kb1 O-O 20. Bd4 Nc4
21. Rg1 a5 22. Bxc4 bxc4 23. Nc5 d6 24. N5a4 Bd7 25. Nb6 Be8 1/2-1/2

[Event "XI Anibal Open"]
[Site "Linares ESP"]
[Date "2005.03.03"]
[Round "8"]
[White "Navarro,R"]
[Black "Gutierrez Leon,C"]
[Result "1-0"]
[WhiteElo "2241"]
[BlackElo "1985"]
[EventDate "2005.02.25"]

1. e4 d6 2. d4 g6 3. Nf3 Bg7 4. Nc3 c6 5. h3 Nf6 6. Bg5 Qa5 7. Qd2 O-O 8.
Bd3 e5 9. O-O Nbd7 10. Rad1 Re8 11. Rfe1 h5 12. a3 exd4 13. Nxd4 Nh7 14.
Be3 Ne5 15. Bf1 Bf8 16. f4 Nd7 17. Bc4 Qc7 18. f5 Ne5 19. fxg6 Nxg6 20. Bh6
Be7 21. Bb3 Bd7 22. Rf1 Ne5 23. Qe2 h4 24. Qh5 Rf8 25. Nf5 Be6 26. Nxe7+
Qxe7 27. Bxe6 Qxe6 28. Bxf8 Rxf8 29. Qxh4 f6 30. Ne2 Rf7 31. Nd4 1-0

[Event "XI Anibal Open"]
[Site "Linares ESP"]
[Date "2005.03.03"]
[Round "8"]
[White "Fernandes,R"]
[Black "Ivanov,J"]
[Result "0-1"]
[WhiteElo "2226"]
[BlackElo "2354"]
[EventDate "2005.02.25"]

1. c4 e6 2. Nf3 d5 3. e3 Nf6 4. b3 c6 5. Be2 Nbd7 6. Bb2 Bd6 7. d4 O-O 8.
O-O Ne4 9. Nbd2 Qf6 10. Bd3 Nxd2 11. Qxd2 Qh6 12. e4 Bf4 13. Qe2 dxe4 14.
Bxe4 Nf6 15. Bc2 Bd7 16. g3 Bd6 17. Ne5 Rad8 18. Rad1 Qh3 19. Rd3 c5 20.
Nxd7 Rxd7 21. Rfd1 Rfd8 22. Qf3 Be7 23. d5 e5 24. Qg2 0-1